00873 2200313 4500001002100000005001500021035002000036007000300056040001700059100003000076245006100106300003300167020002200200041000800222082001000230084001600240090002000256264004000276336002100316337003000337338002300367650001200390700003500402850001000437008004100447504002500488990002300513990002300536INLIS00000000000885520260513025353 a0010-1022000230ta aSBPUPADbInd0 aMuslim BAsrowiePengarang1 aPeradaban Thailand /cMuslim Basrowi;editor, Yulianawati aiv,60 hlm. :bilus. ;c21 cm a978-979-021-251-007aind a959.3 a959.3 MUS p a550 LAM a 16-5 a.--Semarang :bBengawan Ilmu,c[sn] 2rdacontentateks 2rdamediaatanpa perantara 2rdacarrieravolume 4aSejarah aeditor, YulianawatiePengarang aPUPAD260513 0  aBibliografi, hlm 60 a13407/KB-KAPD/2010 a13408/Br/KAPD/2010